MDQL
is popping MORE tags! Check the
thread
!
Quizzes
Events
Quiz Creation
Community
Videos
Private Events
Remove Ads
Sign In
Join for FREE
Feedback
Dark Mode
Quiz Categories
Sports
Geography
Music
Movies
Television
Just For Fun
Miscellaneous
History
Literature
Language
Science
Gaming
Entertainment
Religion
Holiday
For Kids
Quiz Lab
Recent
Popular Today
Quiz Kudos Today
Editor Picks
Curator Picks
Quizzes by...
Day
Popularity
Type
Ratings
Length
Year
Community
Subscriptions
Recent Discussions
Orange Saloon
Badges
Playlists
Quests
Create
Leaderboards
Showdown
Live 5
Trivia Bingo
Activity
Puzzle Library
Sporcle Events
Private Events
Virtual Trivia
Globe League
Become a Host
Pub Owners
SporcleCon
Opinionation
Our Games
Videos
Blog
Mobile Apps
Partnerships
Remove Ads and Go Orange
Feedback
Geography
Country
Landmarks
City
State
Population
World
Capital
Continent
Flags
Europe
Africa
Asia
South America
North America
Oceania
Border
Canada
United Kingdom
Topography
United States
Geography
Country
Landmarks
City
State
Population
World
Capital
Continent
Flags
Europe
Africa
Asia
South America
North America
Oceania
Border
Canada
United Kingdom
Topography
United States
Random Quiz
Search Sporcle
×
Quiz Lab
Quiz Lab
Geography
Country
Type in answers that appear in a list
Type in answers that appear in a list
Classic
Best Score? Go Orange.
Alphabetize: African Countries Stats
Can you name the countries of Africa in alphabetical order?
By
miyomiyo3
6m
53 Questions
659 Plays
659 Plays
659 Plays
Comments
Comments
Give Quiz Kudos
Give Quiz Kudos
-
- Ratings
hide this ad
Forced Order
Answers have to be entered in order
Answers have to be entered in order
Replay
Link that replays current quiz
Next Quiz
Link to next quiz in quiz playlist
You Got
0%
They Got
Avg Score
70%
Avg Friend Score
Upgrade to see
Score Distribution
Jump to the score distribution portion of the page
Score
0/53
Timer
06:00
0
Plays Today
% Correct
Algeria
97.7%
Angola
93.5%
Botswana
87.7%
Benin
86.8%
Burundi
86.8%
Cameroon
86.6%
Djibouti
84.4%
Burkina Faso
83.5%
Egypt
82.9%
Chad
82.7%
Eritrea
81.9%
Ethiopia
81%
Central African Republic
78.8%
Comoros
78.8%
Dem. Rep. of Congo
76.8%
Cape Verde
76.3%
Madagascar
75.4%
Equatorial Guinea
75%
Gabon
74.7%
Guinea
74.5%
Ghana
74.1%
Mali
74.1%
Mauritania
74.1%
The Gambia
73.3%
Libya
73%
Guinea-Bissau
72.8%
Liberia
72.5%
% Correct
Mauritius
72.1%
Kenya
71.2%
Lesotho
70.1%
Rwanda
69.5%
Malawi
69%
Zimbabwe
68.7%
Zambia
68%
Cote d'Ivoire
67.4%
Namibia
64.2%
Niger
63.1%
Nigeria
63%
Mozambique
62.7%
Morocco
62.5%
Uganda
57.8%
Tanzania
56.9%
Somalia
56.8%
Senegal
56.3%
Sudan
56%
Swaziland
55.2%
South Africa
54.6%
Sao Tome and Principe
54.2%
Rep. of Congo
53.4%
Seychelles
53%
Tunisia
51.6%
Togo
50.8%
Sierra Leone
49.6%
Quiz Playlist
Details
Report
Send in Message
Add To Playlist
Classic:
Type in answers that appear in a list
Forced Order:
Answers have to be entered in order
Quiz Source
Last Updated: Feb 16, 2017
Quiz Scoreboard
CHALLENGE
Sign Up to Join the Scoreboard
Show All
Scores
Hide
Comments
May contain spoilers
Recently Published
Two Season TV Shows II
by 123Four
Television
10m
Image Sorting: Flags VI
by Barbecue
Geography
2m
Find the 'City' Movie
by crazypaving
Movies
60s
More to Explore
Quiz From the Vault
Featured Blog Post
14 Easter Pick-up Lines to Find Eggs With
hide this ad
You Might Also Like...
Tags
Africa Quiz
Country Quiz
Alphabetical
Order
Today's Top Quizzes in Geography
Browse Geography
hide this ad
Today's Top Quizzes in Country
Browse Country
Top Contributed Quizzes in Geography
1
Colored Red Europe Blitz I
2
Countries of the World - No Outlines Minefield
3
Colored Red Africa Blitz II
4
Colored Red Europe Blitz II
5
Colored Red Europe Blitz III
6
Colored Red Africa Blitz III
7
Colored Red States Blitz I
8
Colored Red States Blitz II
9
Colored Red States Blitz III
10
A Different View: World Oceans
Explore More
Trending Topics
Kpop
Harry Potter
Marvel
Anime
Disney
NBA
Crossword
WWE
Song
Country
NFL
Puzzle
Soccer
The Office
Pokémon
hide this ad
More By:
miyomiyo3
Quiz
Plays
Rating
Category
Featured
Created
Monarchs
3,834
3.69
History
Nov 27, 2009
Unisex Celebrity Names
1,810
4.40
Miscellaneous
Nov 29, 2009
Biggest Cities South of the Equator
1,424
2.90
Geography
Nov 28, 2009
Population of the Internet
850
3.82
Geography
Oct 21, 2009
Alphabetize: African Countries
659
4.50
Geography
Oct 21, 2009
Go to Creator's Profile
Score Distribution
Quiz Creator Spotlight
miyomiyo3
Follow
Send a Message
Quizzes Created
-
Created Quiz Play Count
-
More By This Creator
Popular Quizzes Today
1
Find the US States - No Outlines Minefield
2
Colored Red Africa Blitz
3
Find the 'City' Movie
4
5x2 Blitz: Bands
5
The Countries of the World
6
Find the Countries of Europe - No Outlines Minefield
7
Find the US States
8
US States
More Geography Quizzes
Prove You Aren't a Robot - Canadian Regions Ending in A
Quiz Lab
Trending Quizzes
Colored Red Europe Blitz I
Colored Red Africa Blitz II
Colored Red Europe Blitz II
Colored Red Africa Blitz III
Colored Red Europe Blitz III
Recently Updated
How Do You Spell That?
pecheneg
Godzilla Movies
pecheneg
Grab Bag: 4-10 Letters
pecheneg
2024 March Madness Bracket
pecheneg
Famous TV Couples
Peacemaker
Champions League XIs: Real Madrid
pecheneg
Largest US Cities 1790-2010
pecheneg
Rides in Walt Disney World
pecheneg
Most Oscar Losses (Acting)
pecheneg
Beyoncé Albums
pecheneg
Trending Topics
Kpop
Harry Potter
NBA
Crossword
Marvel
Anime
Disney
The Office
WWE
NFL
Puzzle
Soccer
Pokémon
Country
Song
Your Account Isn't Verified!
In order to create a playlist on Sporcle, you need to verify the email address you used during registration. Go to your
Sporcle Settings
to finish the process.
Report this User
Report this user for behavior that violates our
Community Guidelines
.
Details:
Send Report
Go to the Sporcle.com Mobile Site →
Comments